Bush và quyền lực nước mỹ

Сохранить в:
Библиографические подробности
Формат:
Язык:Undetermined
Опубликовано: Hà Nội Lao động 2003
Предметы:
Метки: Добавить метку
Нет меток, Требуется 1-ая метка записи!
Thư viện lưu trữ: Trung tâm Học liệu Trường Đại học Cần Thơ
LEADER 00627nam a2200205Ia 4500
001 CTU_95338
008 210402s9999 xx 000 0 und d
020 |c 68000 
082 |a 321.0092 
082 |b B978 
245 0 |a Bush và quyền lực nước mỹ 
245 0 |c Nguyễn Văn Phước, Vũ Tài Hoa biên dịch ; Đai tướng Mai Chí Thọ hiệu đính 
260 |a Hà Nội 
260 |b Lao động 
260 |c 2003 
650 |a Presidents 
650 |x Biography 
650 |z United States 
904 |i Mai Loan 
980 |a Trung tâm Học liệu Trường Đại học Cần Thơ